Littérature par lettre - H - Statistiques

Statistiques générales
  • Ce quiz a été pris 170 fois
  • Le résultat moyen est 10 sur 15
Statistiques - réponses
Questions Réponses % Correct
Quelle série de roman tenant le nom du personnage éponyme, a été écrit par J.K Rowling ? Harry Potter
99%
Quel auteur français du XIXème a écrit "Les Misérables" ? Victor Hugo
99%
Quel personnage de la mythologie romaine a réalisé 12 travaux ? Hercule
98%
Quelle pièce de William Shakespeare se déroule au Danemark ? Hamlet
91%
Quel personnage de la Saga de la question 2 est joué par Emma Watson au cinéma ? Hermione
91%
Quel conte des Frères Grimm met en scène un frère et sa soeur abandonnés par leurs parents, qui poussent une sorcière dans un four ? Hansel et Gretel
87%
Quel auteur américain a écrit "Le Vieil homme et la mer" ? Ernest Hemingway
77%
Quel est le nom du cannibale dans "Le Silence des Agneaux", roman de Thomas Harris ? Hannibal Lecter
76%
Quel livre, surtout connu en tant que film, écrit par Marguerite Duras, raconte l'histoire d'amour entre une française et un japonais lors du bombardement de la Bombe A ? Hiroshima mon amour
64%
Quel écrivain et philosophe allemand a écrit la "Phénoménologie de l'esprit" et prône le conformisme moral ? Georg Hegel
45%
Quel classique de la littérature anglaise demeure l'unique roman écrit par Emily Brontë ? Les Hauts de hurlevents
40%
Quel écrivain et philosophe allemand du XXème siècle, membre du Parti Nazi dans les années 1930, a écrit "Être et Temps" ? Martin Heidegger
32%
Quel écrivain et essayiste français controversé a notamment écrit "Les Particules élémentaires" ? Michel Houellebecq
32%
Quel écrivain et journaliste est le père du sionisme ? Theodore Herzl
14%
Quel écrivain franco-cubain est l'un des maîtres du Parnasse, avec notamment "Les Trophées" ? José Maria de Heredia
9%
Aucun quiz correspondant
Distribution des résultats
% des personnes avec chaque résultat
Percentile par nombre de réponses
Votre historique - résultats
Vous n’avez pas pris ce quiz